Neuromuscular Disorders in Children and Adolescents (Record no. 8393)

MARC details
000 -LEADER
fixed length control field 01414nam a2200133Ia 4500
008 - FIXED-LENGTH DATA ELEMENTS--GENERAL INFORMATION
fixed length control field 220615s9999||||xx |||||||||||||| ||und||
020 ## - INTERNATIONAL STANDARD BOOK NUMBER
International Standard Book Number 9783040000000
245 #0 - TITLE STATEMENT
Title Neuromuscular Disorders in Children and Adolescents
546 ## - LANGUAGE NOTE
Language note English[eng]
650 ## - SUBJECT ADDED ENTRY--TOPICAL TERM
Topical term or geographic name entry element Pompe disease||GAA gene||general population database||carrier frequency||genetic prevalence||spinal muscular atrophy||quality of life||child neurology||patient-reported outcomes||neuromuscular||carpal tunnel syndrome||median nerve neuropathy||electrodiagnostic studies||neuromuscular ultrasound||mucopolysaccharidosis||neuropathy||children||adolescents||Charcot–Marie–Tooth disease||traumatic neuropathy||inflammatory neuropathy||metabolic neuropathy||posterior spinal fusion||kyphosis||sagittal plane deformity||signal recognition particle||3-hydroxy-3-methylglutaryl||coenzyme A reductase||juvenile myositis||therapy||clinical course||chaperone-assisted autophagy||clinical trials||Duchenne muscular dystrophy||public health surveillance||distal arthrogryposis||AMC||ECEL1||contractures||muscle MRI||spinal muscular atrophy (SMA)||nusinersen||fine manual dexterity||ultrasonographic elastography||neuromuscular disease||muscle||brachial plexus neuritis||hereditary sensory and motor neuropathy||paralysis||vaccination||pediatrics||n/a
700 ## - ADDED ENTRY--PERSONAL NAME
Personal name Korinthenberg, Rudolf
856 ## - ELECTRONIC LOCATION AND ACCESS
Uniform Resource Identifier <a href="https://mdpi.com/books/pdfview/book/5404">https://mdpi.com/books/pdfview/book/5404</a>
942 ## - ADDED ENTRY ELEMENTS (KOHA)
Koha item type E-Books
Holdings
Withdrawn status Lost status Damaged status Not for loan Home library Current library Date acquired Total Checkouts Date last seen Price effective from Koha item type
        Kerala University of Digital Sciences, Innovation and Technology Knowledge Centre Kerala University of Digital Sciences, Innovation and Technology Knowledge Centre 15/06/2022   15/06/2022 15/06/2022 E-Books